000 01266cam a2200289 a 4500
999 _c29960
_d29960
001 3543658
005 20181128123923.0
008 970623s1998 ctua b 001 0 eng
010 _a 97026996
020 _a1567503500 (cloth)
020 _a1567503519 (paper)
040 _aDLC
_cDLC
_dDLC
050 0 0 _aG70.212
_b.L66 1998
082 0 0 _a910/.285
_221
100 1 _aLopez, Xavier R.
245 1 4 _aThe dissemination of spatial data :
_ba North American-European comparative study on the impact of government information policy /
_cby Xavier R. Lopez.
260 _aGreenwich, Conn. :
_bAblex Pub. Corp.,
_cc1998.
300 _axiv, 234 p. :
_bill. ;
_c24 cm.
440 0 _aContemporary studies in information management, policy, and services
504 _aIncludes bibliographical references (p. 213-225) and indexes.
650 0 _aGeographic information systems
_xGovernment policy.
650 0 _aGovernment information.
906 _a7
_bcbc
_corignew
_d1
_eocip
_f19
_gy-gencatlg
942 _2lcc
_cBOOKS